Ramos Arizpe : (Record no. 79223)
[ view plain ]
| 000 -LEADER | |
|---|---|
| fixed length control field | 00900cam a2200217 4500 |
| 005 - DATE AND TIME OF LATEST TRANSACTION | |
| control field | 20260528122158.0 |
| 008 - FIXED-LENGTH DATA ELEMENTS--GENERAL INFORMATION | |
| fixed length control field | 070827n mx a 000 0bspa u |
| 020 ## - INTERNATIONAL STANDARD BOOK NUMBER | |
| International Standard Book Number | 9687569593 |
| 050 04 - LIBRARY OF CONGRESS CALL NUMBER | |
| Classification number | F1232.2.R36 |
| Item number | R36 2003 |
| 245 10 - TITLE STATEMENT | |
| Title | Ramos Arizpe : |
| Remainder of title | padre del federalismo |
| Statement of responsibility, etc | / Fernando del Moral González, Humberto Gómez Villareal y Jacinto Faya Viesca. |
| 260 ## - PUBLICATION, DISTRIBUTION, ETC. (IMPRINT) | |
| Place of publication, distribution, etc | México : |
| Name of publisher, distributor, etc | Gobierno del Estado de Coahuila, |
| Date of publication, distribution, etc | c2003 |
| 300 ## - PHYSICAL DESCRIPTION | |
| Extent | 111 áginas. : |
| Other physical details | ilustraciones ; |
| Dimensions | 28 cm. |
| 500 ## - GENERAL NOTE | |
| General note | En la pasta dice: Imágenes Históricas de Coahuila: Ramos Arizpe |
| 600 1# - SUBJECT ADDED ENTRY--PERSONAL NAME | |
| Personal name | Ramoz Arizpe, Miguel, |
| Dates associated with a name | 1775-1843 |
| 651 #7 - SUBJECT ADDED ENTRY--GEOGRAPHIC NAME | |
| Source of heading or term | lemb |
| Geographic name | México |
| General subdivision | Historia |
| -- | Federalismo y centralismo 1824-1853 |
| 651 #7 - SUBJECT ADDED ENTRY--GEOGRAPHIC NAME | |
| Source of heading or term | lemb |
| Geographic name | México |
| Chronological subdivision | Siglo XIX |
| 700 1# - ADDED ENTRY--PERSONAL NAME | |
| Personal name | Moral González, Fernando del, |
| Relator term | coauor |
| 700 1# - ADDED ENTRY--PERSONAL NAME | |
| Personal name | Gómez Villarreal, Humberto, |
| Relator term | coautor |
| 700 1# - ADDED ENTRY--PERSONAL NAME | |
| Personal name | Faya Viesca, Jacinto, |
| Relator term | coauor |
| 942 ## - ADDED ENTRY ELEMENTS (KOHA) | |
| Source of classification or shelving scheme | Biblioteca del Cogreso de los Estados Unidos |
| Koha item type | Libro |
| Estado de pérdida | Fuente de clasificación | Estado del daño | No para préstamo | Ubicación permanente | Ubicación actual | Apartado o colección | Fecha de adquisición | Edición | Dependencia de educación superior (DES) | Área del conocimiento | Clasificación | Código de Barras | Date last seen | Número de copia | Costo por reposición | Tipo de recurso |
|---|---|---|---|---|---|---|---|---|---|---|---|---|---|---|---|---|
| Biblioteca del Cogreso de los Estados Unidos | Biblioteca del Instituto de Investigaciones Históricas | Biblioteca del Instituto de Investigaciones Históricas | General | 12/07/2017 | 1a ed. | Humanidades | Ciencias Sociales y Administrativas | F1232.2.R36 R36 2003 | IIH000018992 | 12/07/2017 | 1 | 1.00 | Libro |